000 01072cam a2200361 i 4500
001 0000479
003 DO-SdBNP
005 20171113101726.0
007 0000479
008 100514s2009 sp | |||| 000 ffspa
015 _a
017 _a
_b
020 _a9788466323239
035 _a
040 _aBPMSU
_bspa
_cBPMSU
_e
080 _a
082 4 _a813.54
_bO11h, 2009
100 1 _aOates, Joyce Carol,
_d1938-
240 1 4 _aThe gravedigge´s daughter /
_lEspañol
245 1 3 _aLa hija del sepulturero /
_cJoyce Carol Oates ; traducción José Luis López Muñoz
250 _a2a. ed.
260 _aMadrid:
_bSantillana ediciones generales,
_c2009.
300 _a682 p.:
_c19 cm
490 1 _aPunto de lectura
_v298 / 2
500 _aIncluye datos biográficos de la autora
650 _aNOVELA ESTADOUNIDENSE
650 _aLITERATURA ESTADOUNIDENSE
700 1 2 _aLópez Muñoz, José Luis,
_etr.
830 0 _aPunto de lectura
_n298 / 2
942 _2ddc
_cBK
945 _aInventariado extranjero / 2017 VM
956 _aYLOCKWARD
_810
_cBPMSU
999 _c10699
_d10699